Rubber: Are we to replant manure or abandon : Being a survey of the present state of mature rubber and of the courses open to the rubber planter at the present time (Record no. 21711)

MARC details
000 -LEADER
fixed length control field 00411nam a2200109Ia 4500
082 ## - DEWEY DECIMAL CLASSIFICATION NUMBER
Classification number NR:63
Item number THO
100 ## - MAIN ENTRY--AUTHOR NAME
Personal name Thomson, W R
245 #0 - TITLE STATEMENT
Title Rubber: Are we to replant manure or abandon : Being a survey of the present state of mature rubber and of the courses open to the rubber planter at the present time
260 ## - PUBLICATION, DISTRIBUTION, ETC. (IMPRINT)
Place of publication Colombo
Name of publisher Times of Ceylon
Year of publication 1936
942 ## - ADDED ENTRY ELEMENTS (KOHA)
Koha item type Books
Holdings
Withdrawn status Lost status Damaged status Not for loan Home library Current library Date acquired Full call number Accession Number Koha item type
        RRII Library RRII Library 16/12/2021 NR:63 THO 02428 Books